00516nam a2200145 a 450000500170000000800410001702000180005805000180007610000220009424500640011626000310018044000330021199900190024495201070026320140412111348.0110407s19uu xx 00 eng d a0-307-99511-9 aERbPo75 2000 aTalkington, Bruce aPoky and friends :bThe haunted trucks /cBruce Talkington. aNew York :bGolden,c2000. aA Tootle the train adventure c105244d105244 001040aELbELcERd2011-04-07eDonationl0oER Po75 2000pE9733r2014-04-12 00:00:00w2014-04-12yBK